000 00365 a2200169 4500
001 47063
020 _a9788538527350
040 _cAnchieta - Aquarius
100 _aSilveira, Maria José
240 1 0 _aEstrelário
_lpor
245 1 0 _aEstrelário
300 _a32
362 0 _a2009
440 1 _aPositivo
650 4 _aLiteratura infanto-juvenil
942 _cBK
999 _c47063
_d47063